Rozhoduje najmä kvalita osobnosti

Odborníci považujú prijímacie konanie do radov príslušníkov policajného zboru za dosť náročné. Napriek tomu sa z času na čas vyskytne udalosť, ktorá otrasie dôverou občanov v príslušníkov policajného zboru. Policajný zbor by potreboval viac absolventov gymnázií a vysokých škôl. Profesionálna rozkolí...

Full description

Saved in:
Bibliographic Details
Main Author: Ondera, Peter
Format: Book Chapter
Language:Slovak
Subjects:
Tags: Add Tag
No Tags, Be the first to tag this record!

MARC

LEADER 00000naa$a2200000$$$4500
001 0109760
005 20231016090221.4
041 0 |a slo 
044 |a SK 
245 1 0 |a Rozhoduje najmä kvalita osobnosti  |c Peter Ondera 
520 |a Odborníci považujú prijímacie konanie do radov príslušníkov policajného zboru za dosť náročné. Napriek tomu sa z času na čas vyskytne udalosť, ktorá otrasie dôverou občanov v príslušníkov policajného zboru. Policajný zbor by potreboval viac absolventov gymnázií a vysokých škôl. Profesionálna rozkolísanosť. Pokrok v technickej vybavenosti. Zápas o ľudský faktor v policajnom zbore. 
610 2 0 |a polícia 
610 2 0 |a osobnosť 
610 2 0 |a kvalita 
610 2 0 |a odbornosť 
610 2 0 |a vybavenosť technická 
610 2 0 |a Slovensko 
100 1 |a Ondera, Peter